Tuyển tập văn học

Tallennettuna:
Bibliografiset tiedot
Päätekijä: Hoàng Trinh
Aineistotyyppi: Kirja
Kieli:Undetermined
Julkaistu: Hà Nội Hội Nhà Văn 1998
Aiheet:
Tagit: Lisää tagi
Ei tageja, Lisää ensimmäinen tagi!
Thư viện lưu trữ: Trung tâm Học liệu Trường Đại học Cần Thơ
LEADER 00553nam a2200205Ia 4500
001 CTU_27480
008 210402s9999 xx 000 0 und d
020 |c 50000 
082 |a 801 
082 |b H407 
100 |a Hoàng Trinh 
245 0 |a Tuyển tập văn học 
245 0 |c Hoàng Trinh 
260 |a Hà Nội 
260 |b Hội Nhà Văn 
260 |c 1998 
650 |a Literature 
650 |x History and criticism,philosophy 
904 |i Q. Hiếu (sửa) 
980 |a Trung tâm Học liệu Trường Đại học Cần Thơ